Statistics for Пътешествие по бреговата линия 2

Click here to take the quiz!

General Stats

  • This quiz has been taken 13 times
  • The average score is 14 of 31

Answer Stats

Country% Correct
САЩ
100%
Панама
45%
Мексико
45%
Гватемала
45%
Суринам
45%
Канада
45%
Перу
45%
Еквадор
45%
Колумбия
45%
Чили
45%
Коста Рика
45%
САЩ
45%
САЩ
45%
Канада
45%
Никарагуа
45%
САЩ
45%
Мексико
45%
Гватемала
45%
Салвадор
45%
Хондурас
45%
Аржентина
36%
Уругвай
36%
Бразилия
36%
Венецуела
36%
Колумбия
36%
Панама
36%
Коста Рика
36%
Никарагуа
36%
Хондурас
36%
Белиз
36%
Гаяна
36%

Score Distribution

Percentile by Number Answered

Percent of People with Each Score

Your Score History

You have not taken this quiz